000 00321nam a2200133Ia 4500
008 191201s2010 xx 000 0 und d
100 _aHUSAIN, Farooq
245 0 _aText Book of Signals and Systems
250 _aRep
260 _c2010
_bUmesh Publications
_aN. Delhi
300 _a706
650 _aECE
942 _2ddc
_cBB
999 _c7320
_d7320